La economía política del rentista : (Registro nro. 3654)

Detalles MARC
000 -LEADER
fixed length control field 01060nam a2200241Ia 4500
003 - CONTROL NUMBER IDENTIFIER
control field OSt
005 - DATE AND TIME OF LATEST TRANSACTION
control field 20200630143619.0
008 - FIXED-LENGTH DATA ELEMENTS--GENERAL INFORMATION
fixed length control field 191128s1974 ag a fr 000 0dspa d
040 ## - CATALOGING SOURCE
Original cataloging agency CO-JMCR
Transcribing agency CO-JMCR
041 0# - LANGUAGE CODE
Language code of text/sound track or separate title spa
082 04 - DEWEY DECIMAL CLASSIFICATION NUMBER
Classification number 335.43 /
Item number B869e
Edition number 23
100 1# - MAIN ENTRY--PERSONAL NAME
Personal name Bujarin, Nicolai,
Relator term autor
9 (RLIN) 6336
245 13 - TITLE STATEMENT
Title La economía política del rentista :
Remainder of title crítica de economía marginalista /
Statement of responsibility, etc. Nicolai Bujarin
250 ## - EDITION STATEMENT
Edition statement Primera edición
260 ## - PUBLICATION, DISTRIBUTION, ETC.
Place of publication, distribution, etc. Buenos Aires :
Name of publisher, distributor, etc. Ediciones Pasado y Presente,
Date of publication, distribution, etc. 1974
300 ## - PHYSICAL DESCRIPTION
Extent 198 páginas :
Other physical details ilustraciones a blanco y negro ;
Dimensions 20 cm.
490 0# - SERIES STATEMENT
Series statement Pasado y presente ;
Volume/sequential designation 5
500 ## - GENERAL NOTE
General note Incluye datos biográficos del autor.
505 0# - FORMATTED CONTENTS NOTE
Formatted contents note Introducción -- La economía política burguesa después de Marx -- Los fundamentos metodológicos de la teoría de la utilidad marginal y del marxismo -- Teoría del valor -- La teoría del valor (continuación) -- La teoría del beneficio (continuación)
650 14 - SUBJECT ADDED ENTRY--TOPICAL TERM
Topical term or geographic name entry element Economía política
9 (RLIN) 6337
650 14 - SUBJECT ADDED ENTRY--TOPICAL TERM
Topical term or geographic name entry element Teoría marginal
General subdivision Marxismo
9 (RLIN) 6338
942 ## - ADDED ENTRY ELEMENTS (KOHA)
Source of classification or shelving scheme Dewey Decimal Classification
Koha item type Books
Existencias
Withdrawn status Lost status Source of classification or shelving scheme Damaged status Not for loan Collection code Home library Current library Date acquired Source of acquisition Cost, normal purchase price Total Checkouts Full call number Barcode Date last seen Copy number Koha item type
    Dewey Decimal Classification     Non-fiction Biblioteca Pública José María del Castillo y Rada Biblioteca Pública José María del Castillo y Rada 07/19/2018 Donación 0.00   335.43 / B869e 201807535 05/16/2024 Ej.1 Books